Costa Rica: rasgos económicos y subdornación política /
Zapisane w:
| 1. autor: | |
|---|---|
| Format: | Texto |
| Hasła przedmiotowe: | |
| Etykiety: |
Dodaj etykietę
Nie ma etykietki, Dołącz pierwszą etykiete!
|
MARC
| LEADER | 00000 a a2200000 04500 | ||
|---|---|---|---|
| 001 | 42087 | ||
| 003 | |||
| 040 | |||
| 100 | |a Ozorio Paz, Saúl | ||
| 245 | |a Costa Rica: |b rasgos económicos y subdornación política / |c Saúl Ozorio Paz | ||
| 650 | |a ECONOMIA | ||
| 650 | |a COSTA RICA | ||
| 650 | |a GOBIERNO | ||
| 650 | |a TENENCIA DE LA TIERRA | ||
| 650 | |a DEUDA EXTERNA | ||
| 650 | |a TASA DE CRECIMIENTO | ||
| 773 | |g volumen22, número85 (1991), páginas 177- 197 | ||
| 999 | |c 25572 |d 25572 | ||
